[Event "Ruhrgebiet VK2 1213"]
[Site "Nordrheinwestfalen"]
[Date "2013.02.24"]
[Round "7"]
[White "Paulsen, Thomas"]
[Black "Eusgeld, Michael"]
[Result "1/2-1/2"]
[WhiteElo "1702"]
[BlackElo "1776"]
[PlyCount "83"]
[EventDate "2012.09.02"]
[EventType "team-tourn"]
[EventRounds "9"]
[EventCountry "GER"]
[SourceTitle "EXT 2020"]
[Source "ChessBase"]
[SourceDate "2019.10.17"]
[SourceVersion "1"]
[SourceVersionDate "2019.10.17"]
[SourceQuality "1"]
[WhiteTeam "Bochum Uni"]
[BlackTeam "Holsterhausen SK II"]
[WhiteTeamCountry "GER"]
[BlackTeamCountry "GER"]

1. c4 e5 2. g3 Nf6 3. Bg2 c6 4. d3 Bc5 5. Nf3 d6 6. 0-0 Bg4 7. h3 Be6 8. Nc3 a6 9. a3 Qc8 10. Kh2 0-0 11. b4 Bb6 12. Ng5 Bf5 13. Nge4 Ne8 14. c5 Bc7 15. cxd6 Nxd6 16. Be3 Nd7 17. Rc1 Rd8 18. Nxd6 Bxd6 19. Nd5 Qb8 20. Nb6 Nxb6 21. Bxb6 Bc7 22. Bxc7 Qxc7 23. Rc5 Qe7 24. Qc1 f6 25. Qc4+ Be6 26. Qh4 Bd5 27. Bxd5+ Rxd5 28. Qc4 Qf7 29. Rxd5 Qxd5 30. Qxd5+ cxd5 31. Rc1 b5 32. Rc7 d4 33. g4 a5 34. Rc2 axb4 35. axb4 Ra4 36. Rb2 Kf7 37. Kg3 Ke6 38. Kf3 Kd5 39. e4+ dxe3 40. Kxe3 g6 41. h4 f5 42. gxf5 1/2-1/2